Gender Metaphors in Russian and English Linguocultures: A Comparative Study; Procedia - Social and Behavioral Sciences; Vol. 215 : International Education and Cross-Cultural Communication, Problems and Solutions, (IECC 2015)
| Parent link: | Procedia - Social and Behavioral Sciences Vol. 215 : International Education and Cross-Cultural Communication, Problems and Solutions, (IECC 2015).— 2015.— [P. 273-278] |
|---|---|
| Hlavní autor: | |
| Korporativní autor: | |
| Další autoři: | |
| Shrnutí: | Title screen The article represents the results of the comparison between gender oppositions of Russian and English linguocultures that are fixed in the system of conceptual metaphors. As the main sources of data for metaphor study dictionaries of the Russian and the English languages are used. We reveal the peculiar characteristics of a person with no respect to gender and gender-marked characteristics that are common and culture-specific for the two linguocultures. What the metaphorical nominations of a person have in common is that the aspect of gender differences is not predominant; however, they are of importance when describing a person's appearance. The distinctive feature of the metaphorical systems is a significant prevalence of metaphors characterizing women in Russian. Режим доступа: по договору с организацией-держателем ресурса |
| Jazyk: | angličtina |
| Vydáno: |
2015
|
| Témata: | |
| On-line přístup: | http://dx.doi.org/10.1016/j.sbspro.2015.11.634 http://earchive.tpu.ru/handle/11683/33675 |
| Médium: | MixedMaterials Elektronický zdroj Kapitola |
| KOHA link: | https://koha.lib.tpu.ru/cgi-bin/koha/opac-detail.pl?biblionumber=650073 |
MARC
| LEADER | 00000nla2a2200000 4500 | ||
|---|---|---|---|
| 001 | 650073 | ||
| 005 | 20250815153751.0 | ||
| 035 | |a (RuTPU)RU\TPU\network\15255 | ||
| 035 | |a RU\TPU\network\15254 | ||
| 090 | |a 650073 | ||
| 100 | |a 20160907a2015 k y0engy50 ba | ||
| 101 | 0 | |a eng | |
| 105 | |a y z 100zy | ||
| 135 | |a drgn ---uucaa | ||
| 181 | 0 | |a i | |
| 182 | 0 | |a b | |
| 200 | 1 | |a Gender Metaphors in Russian and English Linguocultures: A Comparative Study |f Z. I. Rezanova, A. L. Khlebnikova | |
| 203 | |a Text |c electronic | ||
| 300 | |a Title screen | ||
| 320 | |a [References: р. 277-278 (27 tit.)] | ||
| 330 | |a The article represents the results of the comparison between gender oppositions of Russian and English linguocultures that are fixed in the system of conceptual metaphors. As the main sources of data for metaphor study dictionaries of the Russian and the English languages are used. We reveal the peculiar characteristics of a person with no respect to gender and gender-marked characteristics that are common and culture-specific for the two linguocultures. What the metaphorical nominations of a person have in common is that the aspect of gender differences is not predominant; however, they are of importance when describing a person's appearance. The distinctive feature of the metaphorical systems is a significant prevalence of metaphors characterizing women in Russian. | ||
| 333 | |a Режим доступа: по договору с организацией-держателем ресурса | ||
| 461 | 0 | |0 (RuTPU)RU\TPU\network\2898 |t Procedia - Social and Behavioral Sciences | |
| 463 | 0 | |0 (RuTPU)RU\TPU\network\14998 |t Vol. 215 : International Education and Cross-Cultural Communication, Problems and Solutions, (IECC 2015) |o International Conference, 9-11 June 2015, Tomsk, Russia |o [proceedings] |f National Research Tomsk Polytechnic University (TPU) ; ed. E. V. Fell |v [P. 273-278] |d 2015 | |
| 610 | 1 | |a электронный ресурс | |
| 610 | 1 | |a труды учёных ТПУ | |
| 610 | 1 | |a метафоры | |
| 610 | 1 | |a английский язык | |
| 610 | 1 | |a лингвокультура | |
| 610 | 1 | |a русский язык | |
| 700 | 1 | |a Rezanova |b Z. I. |c linguist |c Professor of Tomsk Polytechnic University, Doctor of philological sciences |f 1957- |g Zoya Ivanovna |3 (RuTPU)RU\TPU\pers\35947 | |
| 701 | 1 | |a Khlebnikova |b A. L. |c Linguist |c Lektor der Polytechnischen Universität Tomsk |f 1982- |g Anastasia Leonidowna |3 (RuTPU)RU\TPU\pers\32806 | |
| 712 | 0 | 2 | |a Национальный исследовательский Томский политехнический университет |c (2009- ) |9 26305 |
| 801 | 2 | |a RU |b 63413507 |c 20170120 |g RCR | |
| 856 | 4 | |u http://dx.doi.org/10.1016/j.sbspro.2015.11.634 | |
| 856 | 4 | |u http://earchive.tpu.ru/handle/11683/33675 | |
| 942 | |c CF | ||